Co to za logo? #5 (Kluby piłkarskie) - Statystyki

Ogólne statystyki
  • Ten quiz został rozwiązany 159 razy
  • Średni wynik to 11 z 16
Statystyki odpowiedzi
Obrazkowy Odpowiedź % Poprawnych
Sparta Praga
88%
Mainz
87%
Galatasaray
86%
Leeds United
86%
Warta Poznań
84%
AEK Ateny
79%
Hellas Verona
77%
Crvena Zvezda
76%
Panathinaikos
73%
Slavia Praga
70%
KKS Kalisz
67%
Standard Liege
55%
Real Valladolid
47%
CD Tenerife
45%
Świt Szczecin
38%
Atletico Mineiro
35%
Nie znaleziono quizów pasujących do podanych kryteriów
Rozkład punktacji
Procent ludzi z każdym wynikiem
Percentyl według liczby udzielonych odpowiedzi
Twoja historia wyników
Nie rozwiązałeś tego quizu